LEADER 01214nam a2200217 i 4500 001 000000013771 003 CaOOAMICUS 005 20220506142204.0 008 180830s1801 fr u000 u fre u 040 $aSeMil$bita 100 1 $aBosc, Louis Augustin Guillaume,$d<1759-1828>.$0(OLS)http://semarc/name/89852 245 10$aHistoire naturelle des crustacés, contenant leur description et leurs moeurs; avec figures dessinées d'apres nature. Par L.A.G. Bosc, ... Tome 1. [-2.]. 264 1$aA Paris :$bchez Deterville, rue du Battoir, n. 16 : de l'Imprimerie de Guilleminet,$cAn X. [1801-1802] 300 $a2 v. ;$c12°. 650 4$aCrostacei.$0(OLS)http://semarc/subject/37696 700 1 $aDeterville, Jean-François-Pierre,$c.$0(OLS)http://semarc/name/89302 774 0 $tTome 1.$g1$w()258070 774 0 $tTome 2.$g2$w()258071 996 $6245$aHistoire naturelle des crustacés, contenant leur description et leurs moeurs; avec figures dessinées d'apres nature. Par L.A.G. Bosc, ... Tome 1. [-2.]$9(OLS)http://semarc/title/401493 996 $6264$aA Paris :$bchez Deterville, rue du Battoir, n. 16 : de l'Imprimerie de Guilleminet$9(OLS)http://semarc/publisher/60415 LEADER 01017nam a2200265 i 4500 001 000000206504 003 CaOOAMICUS 005 20160322000000.0 008 160322s1969 it u000 u ita u 013 $a185274 040 $aSeMil$bita 100 1 $aMartini, Carlo,$d<1908-1978>.$0(OLS)http://semarc/name/74239 245 10$aDizionario dei premi letterari /$cCarlo Martini. 260 $aMilano :$bMursia,$c1969. 300 $a398 p. ;$c20 cm. 490 0 $aIl bivio 490 0 $aIl bivio. Ser. Libri completi 650 4$aPremi letterari.$0(OLS)http://semarc/subject/38791 830 3$aIl bivio.$0(OLS)http://semarc/title/44743 830 3$aIl bivio. Ser. Libri completi.$0(OLS)http://semarc/title/44765 850 $aSeMil 852 $aSeMil$W1$xVenegono$y1$m1O I 214$j156987$B156987$CSeMilBibl$Z2$F210089 $81 961 $aLascito: Calori don Carlo 996 $6245$aDizionario dei premi letterari$9(OLS)http://semarc/title/298687 996 $6260$aMilano :$bMursia$9(OLS)http://semarc/publisher/30230